[Event "Toronto NAYCC U10"]
[Site "Toronto"]
[Date "2013.08.17"]
[Round "7"]
[White "Liu, Daniel1111"]
[Black "Wang, Andrew B"]
[Result "0-1"]
[WhiteElo "1627"]
[BlackElo "1745"]
[PlyCount "130"]
[EventDate "2013.08.14"]
[EventType "swiss"]
[EventRounds "9"]
[EventCountry "CAN"]
[SourceTitle "EXT 2022"]
[Source "ChessBase"]
[SourceDate "2021.10.06"]
[SourceVersion "1"]
[SourceVersionDate "2021.10.06"]
[SourceQuality "1"]

1. e4 e5 2. Nf3 Nc6 3. Bc4 Nf6 4. d3 Bc5 5. 0-0 d6 6. h3 h6 7. Be3 Bb6 8. Nbd2 0-0 9. c3 Re8 10. Bb3 Be6 11. Nc4 Ne7 12. Bxb6 axb6 13. Ne3 Ng6 14. Nh2 Nf4 15. Nhg4 Nxg4 16. Nxg4 Qg5 17. Qf3 h5 18. Bxe6 Rxe6 19. Ne3 Rf6 20. Nf5 g6 21. h4 Qxg2+ 22. Qxg2 Nxg2 23. Ne7+ Kg7 24. Kxg2 c6 25. Nd5 cxd5 26. exd5 Rf4 27. Kg3 Rg4+ 28. Kh3 Raa4 29. c4 Rd4 30. Rfd1 b5 31. b3 Ra5 32. f3 bxc4 33. bxc4 Ra3 34. Rab1 Rdxd3 35. Rxd3 Rxd3 36. Rxb7 Rxf3+ 37. Kg2 Rc3 38. Rc7 Rc2+ 39. Kf3 Rxa2 40. Ke3 Ra3+ 41. Kd2 e4 42. Rc6 Ra4 43. Rc7 Kf6 44. Ke3 Ke5 45. Re7+ Kf6 46. Rxe4 g5 47. hxg5+ Kxg5 48. Kd4 h4 49. Re8 h3 50. Rh8 Kg4 51. Rh7 Kg3 52. Rxf7 h2 53. Rg7+ Kf4 54. Rf7+ Kg5 55. Rh7 Ra2 56. c5 Ra4+ 57. Kc3 Rh4 58. Rg7+ Kf6 59. Rg2 h1Q 60. Rf2+ Ke5 61. Re2+ Re4 62. Rxe4+ Qxe4 63. c6 Qxd5 64. c7 Qc5+ 65. Kd2 Qxc7 0-1